Представление документа в формате RUSMARC

ПолеНазваниеЗначение
  Тип записи a
  Библиографический уровень m
001 Контрольный номер UONB/MAIN/cea1733ae8084e9d953f2a9db31428d0
005 Дата корректировки 20251115152829.7
010 Индекс ISBN __
d Цена 30 к.
9 Тираж 500 экз.
100 Данные общей обработки __
a Данные общей обработки 20230802d1984 u y0rusy0189 ca
101 Язык документа 0_
a Язык текста rus
102 Страна публикации __
a Страна публикации RU
105 Кодированные данные (монография) __
a Кодированные данные (монография) y z 000yy
200 Заглавие и сведения об ответственности 1_
a Заглавие Вып. 16
f Первые сведения об ответственности гл. ред. И.И. Фомин
210 Выходные данные 1_
d Дата издания 1984
215 Физическое описание __
a Объем 79 с.
461 Уровень набора _0
1 2001
a Проблемы синтеза искусств и архитектуры
e темат. сборник науч. трудов
f Акад. художеств СССР, Ин-т живописи, скульптуры и архитектуры им. И.Е. Репина
v Вып. 16
1 2101
a Л.
c [б. и.]
d 1971-
1 001UONB/MAIN/19aae6a7954a4317b82605ca3a86d5e6
1 203
a Текст
b визуальный
c непосредственный
1 215
d 20 см
606 Тематические рубрики 0_
a Основная рубрика Архитектура
j Формальный подзаголовок Сборники
606 Тематические рубрики 0_
a Основная рубрика Синтез искусств
j Формальный подзаголовок Сборники
610 Ключевые слова 0_
a Ключевые слова архитектура; синтез искусств
686 Индексы других классификаций __
2 Код системы rubbk
a Классификационный индекс 85.113
702 Вторичная интеллектуальная ответственность _1
a Фамилия Фомин
b Имя (инициалы) И.И.
g Полное личное имя Игорь Иванович
4 Код отношения 340
801 Источник записи _0
a Страна RU
b Организация Ульяновская ОНБ
c Дата составления 20230802
g Правила каталогизации RCR
801 Источник записи _1
a Страна RU
b Организация Ульяновская ОНБ
c Дата составления 20230802
g Правила каталогизации RCR
901 Тип документа __
t Тип документа n
w Контрольный № источника UONB/MAIN/19aae6a7954a4317b82605ca3a86d5e6
909 Создатель записи __
a Создатель записи Горбункова
b Дата создания записи 20230802